000 00601cam a22002171 4500
001 8907513
005 20180130071115.0
008 730426s1963 mnua j 000 0 eng
010 _a 62020806
035 _a(OCoLC)611698
040 _aDLC
_cODaWU
_dOCoLC
_dDLC
041 _aeng
042 _apremarc
080 _a78 jea
082 _278 jea
100 1 _a45
101 _amuz
245 1 4 _aThe woodwinds /
_cby Jean Craig ; illustrated by George Overlie ; prepared under the supervision of Robert W. Surplus.
906 _a7
_bcbc
_coclcrpl
_du
_encip
_f19
_gy-gencatlg
942 _2ddc
_cBK
999 _c41285
_d41285